00586nam a2200241Ia 450000500170000000800460001702000180006303700100008104000080009104000080009904000080010704100080011504100080012308400080013110000240013924500220016324500610018526000230024626000090026936500050027836500080028385600530029120260324131019.0008 260324s9999 xx 000 0 eng d a9781315258829 aEBOOK aCRL beng cCRL 2eng aeng qCRL aSvetlana Stephenson 0aCrossing the Line 0bVagrancy, Homelessness and Social Displacement in Russia bTaylor and Francis c2006 a b230 uhttp://www.taylorfrancis.com/books/9781315258829